Учимся говорить публично

Podrobná bibliografie
Hlavní autor: Шахиджанян В. В. Владимир Владимирович
Shrnutí:В основу книги «Учимся говорить публично» лег много летний опыт работы известного психолога и журналиста Владимира Шахиджаняна. Разработанный им курс занятий поможет вам легко и свободно выступать перед любой аудиторией, уверенно вести диалог, чётко формулировать свои мысли.
Jazyk:ruština
Vydáno: Москва, Вагриус, 2008
Témata:
Médium: Kniha
KOHA link:https://koha.lib.tpu.ru/cgi-bin/koha/opac-detail.pl?biblionumber=149333

MARC

LEADER 00000nam0a2200000 4500
001 149333
005 20231101221421.0
010 |a 9785969706446 
035 |a (RuTPU)RU\TPU\book\161889 
035 |a RU\TPU\order\11725 
090 |a 149333 
100 |a 20081215d2008 m y0rusy50 ca 
101 0 |a rus 
102 |a RU 
105 |a y z 000zy 
200 1 |a Учимся говорить публично  |f В. В. Шахиджанян 
210 |a Москва  |c Вагриус  |d 2008 
215 |a 464 с. 
318 |5 63413507  |a Великий и могучий…  |b выставка 
330 |a В основу книги «Учимся говорить публично» лег много летний опыт работы известного психолога и журналиста Владимира Шахиджаняна. Разработанный им курс занятий поможет вам легко и свободно выступать перед любой аудиторией, уверенно вести диалог, чётко формулировать свои мысли. 
606 1 |a Культура речи  |2 stltpush  |3 (RuTPU)RU\TPU\subj\16754  |9 42688 
610 1 |a лекционная пропаганда 
610 1 |a публичные выступления 
610 1 |a разговорная речь 
610 1 |a методики 
610 1 |a психология 
610 1 |a ораторское искусство 
610 1 |a риторика 
610 1 |a деловое общение 
686 |a Ч711.211.23  |v LBC/SL-A  |2 rubbk 
700 1 |a Шахиджанян  |b В. В.  |g Владимир Владимирович 
801 1 |a RU  |b 63413507  |c 20070912  |g PSBO 
801 2 |a RU  |b 63413507  |c 20150818  |g PSBO 
942 |c BK 
959 |a 55/20070911  |d 2  |e 201,85  |f ЧЗГЛ:1  |f АНЛ:1